A working plan for the Matang Mangrove Forest Reserve, Perak

Bibliographic Details
Main Author: GAN 1957-
Corporate Author: Perak
Format: Book
Published: Ipoh, Perak : State Forestry Department Perak Darul Ridzuan , 1995
Edition:4th rev. ed.
Subjects:

MARC

LEADER 00000cam a2200000 7i4500
001 0000000367
005 20040326.0
020 0 0 |a 9839909703 
090 0 0 |a JPSM 634.9209595114   |b GAN 1995 
100 1 0 |a GAN   |h Boon Keong   |c 1957- 
245 1 2 |a A working plan for the Matang Mangrove Forest Reserve, Perak   |c by Gan Boon Keong 
250 0 0 |a 4th rev. ed. 
260 0 0 |a Ipoh, Perak :   |b State Forestry Department Perak Darul Ridzuan ,   |c 1995 
300 |a xxix, 214 p. :   |b ill. ;   |c 26 cm. 
500 0 0 |a Bibliography : [p. 206] and index 
500 0 0 |a The second ten year period (1990-1999) of the second rotation 
650 0 0 |a Forest reserves   |z Perak   |z Matang 
650 0 0 |a Forests and forestry   |z Perak   |z Matang 
650 0 0 |a Mangrove swamps   |z Perak   |z Matang 
651 0 0 |a Hutan Simpan Paya Bakau Matang 
710 1 1 |a Perak ,   |c Jabatan Pertanian 
998 |a JPSM 
999 |a 0000000673   |b Monograph   |c Open Shelf   |e Default branch 
999 |a 0000000675   |b Monograph   |c Open Shelf   |e Default branch 
999 |a 0000001534   |b Monograph   |c Reference   |e Default branch 
999 |a 0000002383   |b Monograph   |c Open Shelf   |e Default branch 
999 |a 0000005930   |b Monograph   |c Open Shelf   |e Default branch